00272nam a2200121Ia 45000030006000000080041000060400015000471000019000622450031000812600009001125460012001210050017001330STCL150530s9999 xx 000 0 und d aSTCLcSTCL aLazarus, R. Ed aPersonality and adjustment c1963 aEnglish20220125165318.0